Statistiken für Dinge die mit L anfangen (Kenshin Edition)

Klicken Sie hier um das Quiz zu spielen!

Allgemein

  • Dieses Quiz wurde 260 mal gespielt
  • Das Durchschnittsergebnis liegt bei 13 aus 16

Antwortstatistiken

Antwort% Korrekt
Lama
99%
London
98%
Lava
96%
Leopard
93%
Luxemburg
91%
Lampe
89%
Lolly/Lutscher
83%
Lemur
82%
Liechtenstein
82%
Litauen
82%
Laos
80%
Lady Gaga
75%
Lara Croft
73%
Louisiana
72%
Lillie
48%
Leipzig
39%

Verteilung der Resultate

Perzentil nach korrekt beantworteten Fragen

Anzahl Personen mit jedem Resultat

Ihre Resultats-Entwicklung

Sie haben dieses Quiz noch nicht gespielt